[Event "Golden Sands Europe op 2nd"]
[Site "Golden Sands"]
[Date "2013.06.13"]
[Round "4"]
[White "Pogonina, Natalija"]
[Black "Matorin, Evgeny"]
[Result "1-0"]
[WhiteElo "2488"]
[BlackElo "2099"]
[PlyCount "76"]
[EventDate "2013.06.10"]
[EventType "swiss"]
[EventRounds "9"]
[EventCountry "BUL"]
[SourceTitle "CBM 154 Extra"]
[Source "ChessBase"]
[SourceDate "2013.06.25"]
[SourceVersion "2"]
[SourceVersionDate "2013.06.25"]
[SourceQuality "1"]

1. d4 Nf6 2. c4 e6 3. Nf3 c5 4. d5 exd5 5. cxd5 d6 6. e4 Be7 7. Bd3 0-0 8. h3 b6 9. 0-0 Ba6 10. Re1 Bxd3 11. Qxd3 Re8 12. a4 a6 13. Na3 Nbd7 14. Bf4 Qc7 15. Rad1 Bf8 16. Bh2 Qb8 17. Nd2 Ne5 18. Qb3 b5 19. axb5 axb5 20. Bxe5 dxe5 21. Nxb5 Re7 22. Na3 Qxb3 23. Nxb3 Rb7 24. Nd2 Rxb2 25. Nac4 Rc2 26. Nxe5 Ra4 27. Nec4 g5 28. Ne3 Rc3 29. e5 Rxe3 30. Rxe3 Nxd5 31. Ree1 Nf4 32. Ne4 Ne6 33. Nd6 Kg7 34. Ra1 Rf4 35. Ra7 h5 36. g3 Rf3 37. Kg2 g4 38. hxg4 hxg4 1-0

[Event "Golden Sands Europe op 2nd"]
[Site "Golden Sands"]
[Date "2013.06.10"]
[Round "1"]
[White "Matorin, Evgeny"]
[Black "Gavrilov, Alexei"]
[Result "1/2-1/2"]
[WhiteElo "2099"]
[BlackElo "2454"]
[PlyCount "155"]
[EventDate "2013.06.10"]
[EventType "swiss"]
[EventRounds "9"]
[EventCountry "BUL"]
[SourceTitle "CBM 154 Extra"]
[Source "ChessBase"]
[SourceDate "2013.06.25"]
[SourceVersion "2"]
[SourceVersionDate "2013.06.25"]
[SourceQuality "1"]

1. Nf3 d5 2. c4 d4 3. e3 Nc6 4. exd4 Nxd4 5. Nxd4 Qxd4 6. Nc3 c6 7. d3 Nh6 8. Be3 Qd8 9. d4 Nf5 10. Be2 g6 11. Qd2 Bg7 12. Rd1 0-0 13. 0-0 Be6 14. d5 cxd5 15. Nxd5 Bxd5 16. cxd5 Nxe3 17. Qxe3 Qa5 18. Qa3 Qb6 19. Rd2 Rfe8 20. Bc4 Rac8 21. Qb3 Qd6 22. Qd3 Rc5 23. a4 Rec8 24. b3 a6 25. Rfd1 h5 26. g3 Bf6 27. h4 Kg7 28. Qf1 Rd8 29. Qe2 Rc7 30. Rd3 Qc5 31. Rf3 Rd6 32. Qe4 Qb4 33. Qe1 Qxe1+ 34. Rxe1 Rc5 35. Rd1 b5 36. axb5 axb5 37. Bf1 Rdxd5 38. Rxd5 Rxd5 39. Rd3 Bd4 40. Rd2 b4 41. Bc4 Rd6 42. Kg2 e6 43. f4 Kf6 44. Kf3 Ke7 45. Ke4 f5+ 46. Kf3 Kf6 47. Rd1 e5 48. fxe5+ Kxe5 49. Re1+ Kf6 50. Rd1 g5 51. hxg5+ Kxg5 52. Rd2 h4 53. gxh4+ Kxh4 54. Rh2+ Kg5 55. Rg2+ Kf6 56. Rd2 Rd8 57. Rd1 Ke5 58. Re1+ Kd6 59. Re6+ Kc5 60. Kf4 Rf8 61. Bd3 Bg1 62. Bxf5 Kd4 63. Rc6 Be3+ 64. Kg4 Kd5 65. Rg6 Re8 66. Bd3 Kd4 67. Bc4 Re4+ 68. Kf3 Rf4+ 69. Kg3 Kc3 70. Rd6 Rxc4 71. bxc4 b3 72. Re6 Bd4 73. Re1 Kc2 74. Re2+ Kd3 75. Kf3 Kxc4 76. Ke4 Bg7 77. Rg2 b2 78. Rxb2 1/2-1/2

[Event "Nabokov Memorial-B 9th"]
[Site "Kiev"]
[Date "2011.04.23"]
[Round "7"]
[White "Matorin, Evgeny"]
[Black "Grinev, Valeriy"]
[Result "0-1"]
[WhiteElo "2224"]
[BlackElo "2375"]
[PlyCount "72"]
[EventDate "2011.04.18"]
[EventType "tourn"]
[EventRounds "9"]
[EventCountry "UKR"]
[EventCategory "3"]
[SourceTitle "CBM 142 Extra"]
[Source "ChessBase"]
[SourceDate "2011.06.27"]
[SourceVersion "1"]
[SourceVersionDate "2011.06.27"]
[SourceQuality "1"]

1. Nf3 Nf6 2. c4 c5 3. g3 b6 4. Bg2 Bb7 5. Nc3 e6 6. 0-0 Be7 7. b3 0-0 8. d4 cxd4 9. Qxd4 d6 10. Rd1 Nbd7 11. Qd2 a6 12. Bb2 Qb8 13. Qc2 b5 14. cxb5 axb5 15. b4 Rc8 16. Qb3 Ne8 17. e4 Bf6 18. Nd4 Bxd4 19. Rxd4 Bc6 20. Bf1 Ne5 21. Be2 Nf6 22. Rad1 d5 23. exd5 Nxd5 24. Nxd5 Bxd5 25. Rxd5 exd5 26. Qxd5 Nc4 27. Bd4 Ra6 28. Bh5 g6 29. Qg5 Rd8 30. Qh6 Ne5 31. Rd2 gxh5 32. Qxa6 Nf3+ 33. Kg2 Nxd2 34. Qf6 Qb7+ 35. Kg1 Nf3+ 36. Kf1 Rxd4 0-1

[Event "Nabokov Memorial-B 8th"]
[Site "Kiev"]
[Date "2010.06.09"]
[Round "5"]
[White "Matorin, Evgeny"]
[Black "Baltag, Iulian"]
[Result "0-1"]
[WhiteElo "2226"]
[BlackElo "2365"]
[PlyCount "102"]
[EventDate "2010.06.05"]
[EventType "tourn"]
[EventRounds "11"]
[EventCountry "UKR"]
[EventCategory "4"]
[SourceTitle "CBM 136 Extra"]
[Source "ChessBase"]
[SourceDate "2010.07.02"]
[SourceVersion "2"]
[SourceVersionDate "2010.07.15"]
[SourceQuality "1"]

1. Nf3 c6 2. c4 Nf6 3. g3 d5 4. b3 e6 5. Bg2 Bd6 6. Bb2 Nbd7 7. d4 Qe7 8. 0-0 dxc4 9. bxc4 e5 10. Nh4 g6 11. d5 cxd5 12. cxd5 0-0 13. Nd2 Nb6 14. e4 Bd7 15. a4 Rfc8 16. Qb3 Qe8 17. a5 Na4 18. Rfc1 Bc5 19. Nc4 Ng4 20. Rc2 Bb5 21. Ne3 Bxe3 22. fxe3 Rxc2 23. Qxc2 Rc8 24. Qb3 Nxb2 25. Bh3 Na4 26. Bxg4 Rc3 27. Qb4 Rc4 28. Qd2 Nc5 29. Rb1 Nxe4 30. Qb2 Nc3 31. Rc1 Na4 32. Rxc4 Nxb2 33. Rc8 Nc4 34. Rxe8+ Bxe8 35. Bc8 Nd6 36. Bh3 e4 37. Ng2 Bb5 38. Ne1 Ba4 39. Kf2 Kg7 40. Ke2 Kf6 41. Kd2 Ke5 42. Kc3 Kxd5 43. Kb4 Bb5 44. Nc2 Bd3 45. Nd4 f5 46. Nb3 Nc4 47. Nc5 Nxe3 48. Nxb7 g5 49. Nc5 g4 50. Nxd3 exd3 51. Kc3 Ke4 0-1

[Event "Nabokov Memorial-B 8th"]
[Site "Kiev"]
[Date "2010.06.08"]
[Round "4"]
[White "Kozak, Leonid"]
[Black "Matorin, Evgeny"]
[Result "1/2-1/2"]
[WhiteElo "2333"]
[BlackElo "2226"]
[PlyCount "103"]
[EventDate "2010.06.05"]
[EventType "tourn"]
[EventRounds "11"]
[EventCountry "UKR"]
[EventCategory "4"]
[SourceTitle "CBM 136 Extra"]
[Source "ChessBase"]
[SourceDate "2010.07.02"]
[SourceVersion "2"]
[SourceVersionDate "2010.07.15"]
[SourceQuality "1"]

1. d4 Nf6 2. c4 e6 3. Nc3 c5 4. d5 exd5 5. cxd5 d6 6. e4 Be7 7. f4 0-0 8. e5 Bg4 9. Nf3 Nfd7 10. exd6 Bxd6 11. Be2 Nf6 12. 0-0 a6 13. a4 Qc7 14. h3 Bc8 15. Ne1 Re8 16. Bc4 Nbd7 17. Nc2 Nf8 18. Qf3 Bf5 19. Ne3 Be4 20. Nxe4 Rxe4 21. g3 Qd7 22. Bd3 Rxa4 23. Rxa4 Qxa4 24. Nc4 Rd8 25. Be3 Qd7 26. g4 b5 27. Na5 Nxd5 28. Bf5 Qe7 29. Bd2 c4 30. Nc6 Bc5+ 31. Kh1 Qd6 32. Nxd8 Qxd8 33. Rd1 Ne7 34. Be4 Qb6 35. f5 Bd4 36. Bb4 Bf6 37. Rd6 Qc7 38. Qa3 Bxb2 39. Qxb2 a5 40. Ba3 b4 41. Bxb4 axb4 42. Qxb4 c3 43. Bc2 Nc8 44. Rd3 Qe5 45. Qxc3 Qe4+ 46. Kg1 Qe8 47. Qd2 Nb6 48. Rd8 Qe7 49. Bb3 Nbd7 50. Rc8 h5 51. g5 Qe5 52. Qxd7 1/2-1/2

[Event "Kiev Independence Cup-A 8th"]
[Site "Kiev"]
[Date "2008.08.18"]
[Round "6"]
[White "Bochkarev, Alexander2222"]
[Black "Matorin, Evgeny"]
[Result "1-0"]
[WhiteElo "2338"]
[BlackElo "2232"]
[PlyCount "83"]
[EventDate "2008.08.13"]
[EventType "swiss"]
[EventRounds "11"]
[EventCountry "UKR"]
[SourceTitle "CBM 126 Extra"]
[Source "ChessBase"]
[SourceDate "2008.11.05"]
[SourceVersion "1"]
[SourceVersionDate "2008.11.05"]
[SourceQuality "1"]

1. e4 c5 2. Nc3 g6 3. g3 Bg7 4. Bg2 e5 5. d3 Ne7 6. f4 Nbc6 7. fxe5 Nxe5 8. Bg5 f6 9. Be3 d6 10. Nge2 Bg4 11. 0-0 Qd7 12. Qd2 g5 13. b3 0-0 14. d4 cxd4 15. Nxd4 Rac8 16. Nd5 Nxd5 17. exd5 Kh8 18. Ne6 Bxe6 19. dxe6 Qc7 20. Be4 Rfe8 21. Bf5 Qc6 22. Qe2 a5 23. Qh5 h6 24. c4 Re7 25. Rad1 a4 26. Rd5 axb3 27. axb3 Ra8 28. Bd4 Kg8 29. Be4 Qe8 30. Qxe8+ Raxe8 31. Rxd6 g4 32. Bf5 Bf8 33. Bxe5 fxe5 34. Rd5 Rg7 35. c5 b6 36. cxb6 Rb8 37. Be4 Be7 38. Rc1 Bg5 39. Rc6 Kf8 40. Rxe5 Be3+ 41. Kf1 Rxb6 42. Rf5+ 1-0

[Event "Nabokov Memorial 6th"]
[Site "Kiev"]
[Date "2008.04.07"]
[Round "5"]
[White "Golichenko, Ilja"]
[Black "Matorin, Evgeny"]
[Result "1/2-1/2"]
[WhiteElo "2353"]
[BlackElo "2286"]
[PlyCount "260"]
[EventDate "2008.04.04"]
[EventType "tourn"]
[EventRounds "11"]
[EventCountry "UKR"]
[EventCategory "7"]
[SourceTitle "CBM 123 Extra"]
[Source "ChessBase"]
[SourceDate "2008.05.06"]
[SourceVersion "1"]
[SourceVersionDate "2008.05.06"]
[SourceQuality "1"]

1. d4 Nf6 2. c4 e6 3. Nc3 c5 4. d5 exd5 5. cxd5 d6 6. e4 Be7 7. f4 0-0 8. Bd3 Re8 9. Nf3 Bg4 10. 0-0 Bf8 11. h3 Bxf3 12. Qxf3 Nbd7 13. Be3 Rb8 14. Bf2 Qc8 15. Rac1 a6 16. a4 g6 17. Rfe1 Bg7 18. b4 c4 19. Ne2 b5 20. axb5 axb5 21. Nd4 Qb7 22. Bc2 Ra8 23. Ra1 Ra6 24. Rxa6 Qxa6 25. Nc6 Nb6 26. Na5 Nfd7 27. Re3 Qc8 28. Ra3 Qc7 29. Nc6 Ra8 30. Rxa8+ Nxa8 31. Qa3 Qb7 32. Qa5 Nc7 33. Bd1 f5 34. exf5 Nxd5 35. Qd8+ Nf8 36. Qxd6 Nf6 37. fxg6 hxg6 38. Bf3 Qd7 39. Qc5 Qd2 40. Qxb5 c3 41. Nd4 Kh7 42. Qe2 Qc1+ 43. Qe1 Qb2 44. Be3 Qxb4 45. Ne2 N6d7 46. Qh4+ Bh6 47. g4 Ne6 48. g5 Nxg5 49. Bg4 Qe7 50. Bf2 Nxh3+ 51. Qxh3 c2 52. Qc3 Nf6 53. Bf3 Qd6 54. Be3 Qd1+ 55. Kf2 Bg7 56. Qd2 Nh5 57. Nc1 Qxd2+ 58. Bxd2 Bd4+ 59. Kg2 Nf6 60. Ne2 Bb2 61. Kf2 Kg7 62. Ke3 Nd7 63. Be4 Kf6 64. Kf3 Nc5 65. Bxc2 Ne6 66. Kg4 Nc5 67. Ng3 Kg7 68. Ne4 Ne6 69. Nd6 Kf6 70. Ne4+ Kg7 71. Ng5 Nc5 72. Nf3 Nd7 73. Nh4 Nf8 74. Bb4 Bc1 75. Bc3+ Kh6 76. Bb4 Kg7 77. Bxf8+ Kxf8 78. Nxg6+ Kg7 79. Kf5 Bd2 80. Ke6 Bxf4 81. Nxf4 Kg8 82. Kf6 Kh8 83. Bb3 Kh7 84. Ng6 Kh6 85. Nf8 Kh5 86. Bd1+ Kh6 87. Bc2 Kh5 88. Bf5 Kh4 89. Ke5 Kg5 90. Ne6+ Kh6 91. Kf6 Kh5 92. Ng5 Kh4 93. Ne4 Kh5 94. Ng5 Kh4 95. Ne6 Kg3 96. Ke5 Kf3 97. Nc5 Kg3 98. Ne4+ Kf3 99. Nd2+ Ke3 100. Nb3 Kf3 101. Nc1 Ke3 102. Be4 Kd2 103. Na2 Ke3 104. Bf5 Kf3 105. Nc1 Ke3 106. Nb3 Kf3 107. Nd2+ Ke3 108. Nc4+ Kf3 109. Be6 Kg3 110. Kf5 Kf3 111. Bd7 Ke2 112. Ke4 Kd1 113. Kd4 Kc2 114. Bf5+ Kb3 115. Bb1 Kb4 116. Bc2 Kb5 117. Nd2 Kc6 118. Bd3 Kd6 119. Nf3 Ke6 120. Ke4 Kf6 121. Bc4 Kg6 122. Ke5 Kg7 123. Kf5 Kh7 124. Ng5+ Kg7 125. Bd5 Kh8 126. Nf7+ Kg7 127. Kg5 Kg8 128. Kf6 Kh7 129. Be4+ Kg8 130. Bg6 Kf8 1/2-1/2

[Event "Kiev-ch"]
[Site "Kiev"]
[Date "2008.01.26"]
[Round "6"]
[White "Matorin, Evgeny"]
[Black "Bidkov, Anton"]
[Result "1/2-1/2"]
[WhiteElo "2286"]
[BlackElo "2187"]
[PlyCount "112"]
[EventDate "2008.01.19"]
[EventType "swiss"]
[EventRounds "11"]
[EventCountry "UKR"]
[SourceTitle "CBM 122 Extra"]
[Source "ChessBase"]
[SourceDate "2008.03.04"]
[SourceVersion "1"]
[SourceVersionDate "2008.03.04"]
[SourceQuality "1"]

1. Nf3 Nf6 2. c4 g6 3. b3 Bg7 4. Bb2 0-0 5. g3 d6 6. d4 e5 7. dxe5 Ng4 8. Bg2 dxe5 9. Qxd8 Rxd8 10. Nfd2 f5 11. e4 Na6 12. h3 Nb4 13. hxg4 Nd3+ 14. Ke2 Nxb2 15. gxf5 gxf5 16. exf5 Bxf5 17. Be4 Bg6 18. Nc3 c6 19. Nf3 Nd3 20. Bxg6 hxg6 21. Ne4 Nb4 22. Rhc1 a5 23. a3 Na6 24. Rd1 Bf8 25. Nxe5 Bg7 26. f4 Re8 27. Nd6 Bxe5 28. fxe5 Rxe5+ 29. Kf3 Rf8+ 30. Kg4 Nc5 31. Re1 Rh5 32. Rf1 Nxb3 33. Rxf8+ Kxf8 34. Rb1 a4 35. Nxb7 Re5 36. Rd1 Re7 37. Rd8+ Kg7 38. Nd6 Kh6 39. Rh8+ Kg7 40. Rc8 Nd4 41. Ra8 Re6 42. c5 Nb3 43. Ra7+ Kg8 44. Rxa4 Nxc5 45. Rc4 Nd7 46. Rd4 c5 47. Rd1 Nf6+ 48. Kf3 Re7 49. Rc1 Rd7 50. Ne4 Nxe4 51. Kxe4 Rd4+ 52. Ke5 Rd3 53. Ra1 c4 54. a4 c3 55. Ke4 Rxg3 56. a5 c2 1/2-1/2

[Event "Kiev-ch"]
[Site "Kiev"]
[Date "2008.01.19"]
[Round "1"]
[White "Burdalev, Kirill"]
[Black "Matorin, Evgeny"]
[Result "1-0"]
[WhiteElo "2157"]
[BlackElo "2286"]
[PlyCount "103"]
[EventDate "2008.01.19"]
[EventType "swiss"]
[EventRounds "11"]
[EventCountry "UKR"]
[SourceTitle "CBM 122 Extra"]
[Source "ChessBase"]
[SourceDate "2008.03.04"]
[SourceVersion "1"]
[SourceVersionDate "2008.03.04"]
[SourceQuality "1"]

1. Nf3 d5 2. d4 Nf6 3. c4 c6 4. e3 Bf5 5. Nc3 e6 6. Nh4 Bg6 7. Nxg6 hxg6 8. Bd2 Nbd7 9. b3 Bd6 10. g3 e5 11. Bg2 e4 12. 0-0 g5 13. f3 exf3 14. Bxf3 Qc7 15. Qe2 dxc4 16. bxc4 0-0-0 17. e4 Bb4 18. e5 g4 19. Bxg4 Nxg4 20. Qxg4 Kb8 21. Nd5 cxd5 22. Bxb4 Qxc4 23. Bd6+ Ka8 24. Rxf7 Nb6 25. a3 Qc3 26. Raf1 Nc4 27. Bb4 Qe3+ 28. R1f2 a5 29. Bc5 Qe1+ 30. Rf1 Qe3+ 31. R1f2 Nxe5 32. dxe5 Qxc5 33. Qxg7 Rdg8 34. Qf6 d4 35. Qf3 Qc1+ 36. Rf1 Qb2 37. Rf2 Qb1+ 38. Rf1 Qb6 39. Rf6 Qc5 40. Rb1 d3+ 41. Qf2 Qd5 42. Rd6 Qe4 43. Rb5 Kb8 44. Rxa5 Rxg3+ 45. Qxg3 Qc4 46. Qg5 Rc8 47. Rd8 b6 48. Rxc8+ Kxc8 49. Qf5+ Kc7 50. Qh7+ Kc6 51. Qg6+ Kc7 52. Ra7+ 1-0

[Event "Kiev Independence Cup-A 7th"]
[Site "Kiev"]
[Date "2007.08.16"]
[Round "4"]
[White "Pavlov, Sergey1111"]
[Black "Matorin, Evgeny"]
[Result "1-0"]
[WhiteElo "2415"]
[BlackElo "2259"]
[PlyCount "47"]
[EventDate "2007.08.13"]
[EventType "swiss"]
[EventRounds "11"]
[EventCountry "UKR"]
[SourceTitle "CBM 119 Extra"]
[Source "ChessBase"]
[SourceDate "2007.09.04"]
[SourceVersion "1"]
[SourceVersionDate "2007.09.04"]
[SourceQuality "1"]

1. e4 c6 2. d4 g6 3. Nc3 Bg7 4. f4 d5 5. e5 f6 6. Be3 fxe5 7. fxe5 Nh6 8. h3 Nf5 9. Bf2 h5 10. Bd3 Qb6 11. Na4 Qa5+ 12. c3 Nd7 13. b4 Qc7 14. Ne2 Nf8 15. Nf4 b6 16. Qf3 e6 17. g4 hxg4 18. hxg4 Rxh1+ 19. Qxh1 Ne7 20. Bh4 c5 21. bxc5 Bd7 22. Bc2 g5 23. Bxg5 Bxe5 24. Qh5+ 1-0

[Event "Platonov Memorial 5th"]
[Site "Kiev"]
[Date "2007.02.06"]
[Round "5"]
[White "Sergeev, Vladimir"]
[Black "Matorin, Evgeny"]
[Result "1-0"]
[WhiteElo "2452"]
[BlackElo "2274"]
[PlyCount "161"]
[EventDate "2007.02.03"]
[EventType "tourn"]
[EventRounds "9"]
[EventCountry "UKR"]
[EventCategory "8"]
[SourceTitle "CBM 116 Extra"]
[Source "ChessBase"]
[SourceDate "2007.03.07"]
[SourceVersion "1"]
[SourceVersionDate "2007.03.07"]
[SourceQuality "1"]

1. Nf3 Nf6 2. g3 c5 3. Bg2 Nc6 4. 0-0 g6 5. c4 Bg7 6. Nc3 d5 7. cxd5 Nxd5 8. d3 Nc7 9. Be3 b6 10. Qd2 0-0 11. Rab1 Bb7 12. Bh6 Nd4 13. Nxd4 Bxg2 14. Bxg7 Kxg7 15. Nf5+ gxf5 16. Kxg2 Ne6 17. b4 Rc8 18. Qe3 Qd4 19. Nb5 Qd5+ 20. Kg1 a6 21. Nc3 Qd4 22. Qxd4+ Nxd4 23. Rb2 cxb4 24. Nd5 a5 25. e3 Rc5 26. Nxb6 Rb5 27. Na4 Nc6 28. Rc2 Nd8 29. Rfc1 Ne6 30. d4 Rfb8 31. Rc6 b3 32. axb3 Rxb3 33. h4 R8b4 34. Nc3 Rb6 35. Nd5 Rb7 36. Kg2 Ra3 37. R1c2 Ra7 38. Rc8 Nf8 39. Re8 e6 40. Nc7 Rb3 41. Re7 Rbb7 42. Ne8+ Kg6 43. Rxb7 Rxb7 44. Nd6 Ra7 45. Nb5 Rb7 46. Na3 Nd7 47. Nc4 Ra7 48. Kf3 a4 49. Ra2 Kf6 50. Ke2 Ke7 51. Kd3 Nf6 52. Nb6 Ra6 53. Nc4 Ne4 54. g4 Nf6 55. gxf5 exf5 56. Nb2 Ne4 57. f3 Ng3 58. Rxa4 Rh6 59. Ra7+ Ke8 60. Nc4 f4 61. e4 Nf1 62. e5 Ne3 63. Nd6+ Kf8 64. Rxf7+ Kg8 65. Rxf4 Nd5 66. Rg4+ Kf8 67. Ke4 Nc3+ 68. Kf4 Nd5+ 69. Kg3 Re6 70. Kf2 Re7 71. Rg1 Ra7 72. Rc1 Nf4 73. Rc8+ Kg7 74. Ke3 Ng2+ 75. Ke4 Nxh4 76. f4 Ra1 77. f5 Re1+ 78. Kd5 Ng2 79. f6+ Kh6 80. Nf5+ Kh5 81. f7 1-0

[Event "Platonov Memorial 5th"]
[Site "Kiev"]
[Date "2007.02.05"]
[Round "4"]
[White "Matorin, Evgeny"]
[Black "Vedmediuc, Serghei"]
[Result "0-1"]
[WhiteElo "2274"]
[BlackElo "2380"]
[PlyCount "76"]
[EventDate "2007.02.03"]
[EventType "tourn"]
[EventRounds "9"]
[EventCountry "UKR"]
[EventCategory "8"]
[SourceTitle "CBM 116 Extra"]
[Source "ChessBase"]
[SourceDate "2007.03.07"]
[SourceVersion "1"]
[SourceVersionDate "2007.03.07"]
[SourceQuality "1"]

1. Nf3 c5 2. c4 Nc6 3. d4 cxd4 4. Nxd4 g6 5. e4 Bg7 6. Nc2 d6 7. Be2 Nh6 8. 0-0 0-0 9. Nc3 f5 10. Kh1 fxe4 11. Nxe4 Nf5 12. Rb1 Qa5 13. c5 Ncd4 14. Nxd4 Nxd4 15. Bc4+ Kh8 16. cxd6 exd6 17. Nxd6 Qc7 18. Nxc8 Qxc4 19. Ne7 Rf7 20. Re1 Qc5 21. b4 Qd6 22. Bg5 Rxf2 23. Rb3 Raf8 24. h3 Qe5 25. Be3 Nf3 26. Qxf3 R2xf3 27. gxf3 Qxe7 28. Kg2 Qd7 29. Re2 Re8 30. Rc2 Kg8 31. Bf2 Re5 32. h4 Rd5 33. Be3 Bf6 34. Rc4 Rd1 35. Re4 Ra1 36. Kg3 Rxa2 37. Bh6 Qd6+ 38. Bf4 Qd1 0-1

[Event "Platonov Memorial 5th"]
[Site "Kiev"]
[Date "2007.02.04"]
[Round "3"]
[White "Shishkin, Vadim"]
[Black "Matorin, Evgeny"]
[Result "1-0"]
[WhiteElo "2474"]
[BlackElo "2274"]
[PlyCount "63"]
[EventDate "2007.02.03"]
[EventType "tourn"]
[EventRounds "9"]
[EventCountry "UKR"]
[EventCategory "8"]
[SourceTitle "CBM 116 Extra"]
[Source "ChessBase"]
[SourceDate "2007.03.07"]
[SourceVersion "1"]
[SourceVersionDate "2007.03.07"]
[SourceQuality "1"]

1. d4 Nf6 2. c4 e6 3. Nc3 c5 4. d5 exd5 5. cxd5 d6 6. e4 Be7 7. f4 0-0 8. Be2 Qc7 9. h3 Nbd7 10. Nf3 Qb8 11. a4 Re8 12. 0-0 Bf8 13. Qc2 g6 14. Bd2 Bg7 15. Rae1 a6 16. g4 h6 17. Kg2 b6 18. b3 Ra7 19. Bc4 Nh7 20. Qd3 Kh8 21. Re2 Ndf8 22. e5 h5 23. e6 hxg4 24. hxg4 Nf6 25. g5 Nxd5 26. Nxd5 fxe6 27. Rh1+ Kg8 28. Bc3 exd5 29. Rxe8 dxc4 30. Qxg6 Bf5 31. Qxg7+ Rxg7 32. Rxb8 1-0